Datum a čas kvízu
21.5
Celkem bodů
Celkový počet nahraných bodů na tomto kvízu bez doplňovacích otázek.
7.
Pořadí na kvízu
Konečné umístění týmu na tomto kvízu.
Zaznamenané odpovědi
| # | Otázka | Odpověď | Body | Výsledky |
|---|---|---|---|---|
| 1. | Český premiér jednal ve středu... | 1 | ||
| 2. | Ukrajinští vyšetřovatelé zabav... | 0 | ||
| 3. | Oblíbená americká zpěvačka vyd... | 1 | ||
| 4. | McDonald's přišel o ochrannou... | 1 | ||
| 5. | Český daviscupový tým proděláv... | 0.5 | ||
| 6. | V tomto tématu Vás čeká pět vý... | 1 | ||
| 7. | Z níže vypsaných měst leží nej... | 1 | ||
| 8. | Z níže vypsaných děl vyberte j... | 1 | ||
| 9. | Které z těchto zvířat neřadíme... | 0 | ||
| 10. | Které z těchto příjmení je v... | 1 |